Proceedings of the NSF/UCR U.S.-Costa Rica Workshop on the Costa Rica Earthquakes of 1990-1991 : effects on soils and structures
Gespeichert in:
| 1. Verfasser: | |
|---|---|
| Weitere Verfasser: | , |
| Format: | Buch |
| Sprache: | English |
| Veröffentlicht: |
Oakland, Calf : Earthquake Engineering Research Institute,
1993.
|
| Schlagworte: | |
| Tags: |
Tag hinzufügen
Keine Tags, Fügen Sie den ersten Tag hinzu!
|
MARC
| LEADER | 00000nam a2200000Ia 4500 | ||
|---|---|---|---|
| 003 | 001894 | ||
| 005 | 20221231143935.0 | ||
| 008 | 140114s1993 caua 000 ||eng d | ||
| 040 | |c cru CEDI | ||
| 082 | |a 551.22 P463p | ||
| 100 | |a Leon, Roberto T. |9 20908 | ||
| 245 | |a Proceedings of the NSF/UCR U.S.-Costa Rica Workshop on the Costa Rica Earthquakes of 1990-1991 : effects on soils and structures | ||
| 260 | |a Oakland, Calf : Earthquake Engineering Research Institute, |c 1993. | ||
| 300 | |a v, 171 páginas : ilustraciones | ||
| 650 | |x TERREMOTOS - COSTA RICA |x TEORIA DE LAS ESTRUCTURAS |9 20910 | ||
| 700 | |9 20909 |a LinkYoud, T. Leslie | ||
| 700 | |9 1026 |a Santana Barboza, Guillermo | ||
| 942 | |2 ddc |c BK | ||
| 999 | |c 14534 |d 14534 | ||
